00267nam a2200109Ia 4500008004100000082001300041082000800054245006600062245001000128260001000138300000900148231017s9999 xx 000 0 und d a388.1BUE bBUE 4aThe nations highway and transit investment needs through 2015 0cARTBA bARTBA c30cm